| 000 | 00687cab a2200193 4500 | ||
|---|---|---|---|
| 001 | ABS38965 | ||
| 008 | 090401t1988 xxu||||| |||| 00| 0 eng d | ||
| 035 | _a(Sirsi) u13533 | ||
| 041 | _aeng | ||
| 100 | _aBar-Hillel, Mira | ||
| 245 | _aDead dishonoured in graves scandal | ||
| 260 | _c1988 | ||
| 350 | _a0 | ||
| 490 |
_aChartered Surveyor Weekly _v22(2) 24 March 1988, 76-77(2) |
||
| 520 | _aReports on the recent controversial decision by Westminster City Council to sell three cemeteries to a development company for £1m and briefly considers the law governing the disposal of Britain`s cemeteries. | ||
| 690 | _aPROPERTY LAW AND PRACTICE | ||
| 942 | _n0 | ||
| 948 | _c04/03/1997 | ||
| 999 |
_c8717 _d8717 |
||